000 00850nam a2200253 a 4500
001 68556
003 BD-RjUL
005 20211209081803.0
008 170330s1965 enka b 001 0 eng d
035 _a(BD-RjUL)68766
040 _aDLC/ICU
_cCGU
_dm.c.
_dRCD
_dBD-RjUL
_beng
041 1 _aeng
_hrus
082 _223
_a530.15
_bLEP 1965
100 1 _aLebedev, N. N.
_q(Nikolai Nikolaevich)
_9202091
245 1 0 _aProblems in mathematical physics /
_c N.N. Lebedev, I.P. Shalskaya and Y.S. Uflyand.
260 _aEnglewood Cliffs :
_bN.J. Prentice-Hall,
_c1965
300 _axiii, 429 p. :
_bill. ;
_c24 cm.
504 _aIncludes bibliography and index
650 0 _aMathematical physics.
_9202092
700 1 _aShalskaya, I. P.
_9202093
700 1 _aUflyand, Y. S.
_9202094
942 _2ddc
_cBK
999 _c68556
_d68556